000 01544cam a2200409 a 4500
999 _c989
_d989
001 13618685
003 OSt
005 20210623071425.0
008 040608s2004 onca b 001 0 eng
010 _a 2004401628
016 _a20039073351
020 _a0195417348 (pbk.)
035 _a(OCoLC)ocm53939688
040 _aNLC
_beng
_cNLC
_dOCLCQ
_dDLC
042 _alccopycat
043 _an-cn---
050 0 0 _aHN110
_b.Z9 S6 2004
055 3 _aHN110 Z9
_bS6 2004a
055 0 0 _aHN110 Z9
_bS6 2004
082 0 0 _a305/.0971
_222
082 0 4 _a305/.0971
_222
100 1 _aMcMullin, Julie Ann,
_d1965-
245 1 0 _aUnderstanding social inequality :
_bintersections of class, age, gender, ethnicity, and race in Canada /
_cJulie McMullin.
260 _aDon Mills, Ont. :
_bOxford University Press,
_c2004.
300 _ax, 365 p. :
_bill. ;
_c23 cm.
504 _aIncludes bibliographical references and index.
650 0 _aEquality
_zCanada
_vTextbooks.
650 0 _aSocial classes
_zCanada
_vTextbooks.
650 6 _aÉgalité (Sociologie)
_zCanada
_vManuels.
650 6 _aClasses sociales
_zCanada
_vManuels.
651 0 _aCanada
_xSocial conditions
_y1991-
_vTextbooks.
651 6 _aCanada
_xConditions sociales
_y1991-
_vManuels.
856 4 2 _3Publisher description
_uhttp://www.loc.gov/catdir/enhancements/fy0621/2004401628-d.html
906 _a7
_bcbc
_ccopycat
_d2
_encip
_f20
_gy-gencatlg
942 _2lcc
_cBK
_nSO